Diccionario político y social del mundo iberoamericano. Conceptos políticos fundamentales,1970-1870.[Iberconceptos].
Bewaard in:
| Andere auteurs: | , , , , , , , , , , , |
|---|---|
| Formaat: | Onbekend |
| Gepubliceerd in: |
Madrid, España:
Universidad del País Vasco / Euskal Herriko Unibertsitatea; Centro de Estudios Políticos y Constitucionales,
2014.
|
| Onderwerpen: | |
| Tags: |
Voeg label toe
Geen labels, Wees de eerste die dit record labelt!
|
MARC
| LEADER | 00000 a2200000 4500 | ||
|---|---|---|---|
| 003 | CL-VaPUC | ||
| 005 | 20231031123637.0 | ||
| 008 | 22120t22014 ||||| |||| 00| 0 eng d | ||
| 999 | |c 439251 |d 439249 | ||
| 020 | |a 978-84-259-1598-7(o.c) | ||
| 020 | |a 978-84-259-1599-4 (Tomo 1) | ||
| 020 | |a 978-84-259-1600-7 (Tomo 2) | ||
| 020 | |a 978-84-259-1601-4 (Tomo 3) | ||
| 020 | |a 978-84-259-1602-1 (Tomo 4) | ||
| 020 | |a 978-84-259-1603-8 (Tomo 5) | ||
| 020 | |a 978-84-259-1604-5 (Tomo 6) | ||
| 020 | |a 978-84-259-1605-2 (Tomo 7) | ||
| 020 | |a 978-84-259-1606-9 (Tomo 8) | ||
| 020 | |a 978-84-259-1607-6 (Tomo 9) | ||
| 020 | |a 978-84-259-1608-3 (Tomo 10) | ||
| 040 | |c Pontificia Universidad Católica de Valparaíso | ||
| 082 | 7 | |a 306.09803 FER 2014 |2 22 | |
| 100 | |a Fernández Sebastián, Javier |9 222228 |e director | ||
| 245 | |a Diccionario político y social del mundo iberoamericano. |b Conceptos políticos fundamentales,1970-1870.[Iberconceptos]. | ||
| 260 | |a Madrid, España: |b Universidad del País Vasco / Euskal Herriko Unibertsitatea; |b Centro de Estudios Políticos y Constitucionales, |c 2014. | ||
| 300 | |a 10 tomos. | ||
| 505 | |a t.1.Civilización t.2.Democracia t.3.Estado t.4.Independencia t.5.Libertad t.6.Orden t.7.Partido t.8.Patria t.9.Revolución t.10. Soberanía | ||
| 583 | |k GC |c 20221202 | ||
| 650 | |a Ciencias políticas |x Diccionarios |z Iberoamérica |9 879055 | ||
| 700 | |a Feres Júnior, Joao |e editor (t.1) |9 879056 | ||
| 700 | |a Caetano, Gerardo |e editor (t.2) |9 879057 | ||
| 700 | |a Lempérière, Annick |e editora (t.3) |9 879058 | ||
| 700 | |a San Francisco, Alejandro |e editor (t.4) |9 858445 | ||
| 700 | |a González-Ripoll, Loles |e editor (t.5) |9 879059 | ||
| 700 | |a Entin, Gabriel |e editor (t.5) |9 879060 | ||
| 700 | |a Leal Cueriel, Carole |e editora (t.6) |9 879061 | ||
| 700 | |a Aljovín de Losada, Cristóbal |e editor |9 879062 | ||
| 700 | |a Lomné, Georges |e editor (t.8) |9 879063 | ||
| 700 | |a Zermeño Padilla, Guillermo |e editor (t.9) |9 879064 | ||
| 700 | |a Goldman, Noemí |e editora (t.10) |9 879065 | ||
| 942 | |2 ddc |c BK | ||
| 952 | |0 0 |1 0 |2 ddc |4 0 |6 306_098030000000000_FER_2014 |7 0 |8 F |9 588090 |a BIBHIS |b BIBHIS |c REF |d 2022-12-02 |e 3 |g 6646.60 |h t.5 |i 5655917 |o 306.09803 FER 2014 |p 5655917 |r 2024-01-30 |t 1 |v 6646.60 |w 2022-12-02 |y BK |k HIS | ||
| 952 | |0 0 |1 0 |2 ddc |4 0 |6 306_098030000000000_FER_2014 |7 0 |8 F |9 588091 |a BIBHIS |b BIBHIS |c REF |d 2022-12-02 |e 3 |g 6646.60 |h t.7 |i 5655919 |l 1 |m 1 |o 306.09803 FER 2014 |p 5655919 |r 2024-01-30 |s 2023-01-27 |t 1 |v 6646.60 |w 2022-12-02 |y BK |k HIS | ||
| 952 | |0 0 |1 0 |2 ddc |4 0 |6 306_098030000000000_FER_2014 |7 0 |8 F |9 588092 |a BIBHIS |b BIBHIS |c REF |d 2022-12-02 |e 3 |g 6646.60 |h t.4 |i 5655916 |l 5 |m 1 |o 306.09803 FER 2014 |p 5655916 |r 2024-03-27 |s 2024-03-27 |t 1 |v 6646.60 |w 2022-12-02 |y BK |k HIS | ||
| 952 | |0 0 |1 0 |2 ddc |4 0 |6 306_098030000000000_FER_2014 |7 0 |8 F |9 588093 |a BIBHIS |b BIBHIS |c REF |d 2022-12-02 |e 3 |g 6646.60 |h t.9 |i 5655921 |l 2 |m 1 |o 306.09803 FER 2014 |p 5655921 |r 2024-07-03 |s 2024-07-03 |t 1 |v 6646.60 |w 2022-12-02 |y BK |k HIS | ||
| 952 | |0 0 |1 0 |2 ddc |4 0 |6 306_098030000000000_FER_2014 |7 0 |8 F |9 588094 |a BIBHIS |b BIBHIS |c REF |d 2022-12-02 |e 3 |g 6646.60 |h t.1 |i 5655913 |l 1 |m 1 |o 306.09803 FER 2014 |p 5655913 |r 2024-01-30 |s 2023-01-27 |t 1 |v 6646.60 |w 2022-12-02 |y BK |k HIS | ||
| 952 | |0 0 |1 0 |2 ddc |4 0 |6 306_098030000000000_FER_2014 |7 0 |8 F |9 588095 |a BIBHIS |b BIBHIS |c REF |d 2022-12-02 |e 3 |g 6646.60 |h t.2 |i 5655914 |l 1 |m 1 |o 306.09803 FER 2014 |p 5655914 |r 2024-01-30 |s 2023-01-27 |t 1 |v 6646.60 |w 2022-12-02 |y BK |k HIS | ||
| 952 | |0 0 |1 0 |2 ddc |4 0 |6 306_098030000000000_FER_2014 |7 0 |8 F |9 588096 |a BIBHIS |b BIBHIS |c REF |d 2022-12-02 |e 3 |g 6646.60 |h t.10 |i 5655922 |l 1 |m 1 |o 306.09803 FER 2014 |p 5655922 |r 2024-01-30 |s 2023-01-27 |t 1 |v 6646.60 |w 2022-12-02 |y BK |k HIS | ||
| 952 | |0 0 |1 0 |2 ddc |4 0 |6 306_098030000000000_FER_2014 |7 0 |8 F |9 588097 |a BIBHIS |b BIBHIS |c REF |d 2022-12-02 |e 3 |g 6646.60 |h t.8 |i 5655920 |l 2 |m 1 |o 306.09803 FER 2014 |p 5655920 |r 2024-03-27 |s 2024-03-27 |t 1 |v 6646.60 |w 2022-12-02 |y BK |k HIS | ||
| 952 | |0 0 |1 0 |2 ddc |4 0 |6 306_098030000000000_FER_2014 |7 0 |8 F |9 588098 |a BIBHIS |b BIBHIS |c REF |d 2022-12-02 |e 3 |g 6646.60 |h t.3 |i 5655915 |l 3 |m 1 |o 306.09803 FER 2014 |p 5655915 |r 2024-03-27 |s 2024-03-27 |t 1 |v 6646.60 |w 2022-12-02 |y BK |k HIS | ||
| 952 | |0 0 |1 0 |2 ddc |4 0 |6 306_098030000000000_FER_2014 |7 0 |8 F |9 588099 |a BIBHIS |b BIBHIS |c REF |d 2022-12-02 |e 3 |g 6646.60 |h t.6 |i 5655918 |l 1 |m 1 |o 306.09803 FER 2014 |p 5655918 |r 2024-01-30 |s 2023-01-27 |t 1 |v 6646.60 |w 2022-12-02 |y BK |k HIS | ||